No más besos! / (Registro nro. 2564)

Detalles MARC
000 -CABECERA
Longitud fija campo de control 00826nam a2200277 a 4500
003 - • IDENTIFICADOR DELl NÚMERO DE CONTROL
Identificador del número de control CO-ViMGA
008 - • CÓDIGOS DE INFORMACIÓN DE LONGITUD FIJA
Códigos de información de longitud fija 141112s2004 ck r 000 u spa d
020 ## - • NÚMERO INTERNACIONAL NORMALIZADO PARA LIBROS
Número Internacional Normalizado para Libros (ISBN) 9789584538949
040 ## - FUENTE DE LA CATALOGACIÓN
Centro catalogador de origen CO-ViMGA
Lengua de catalogación spa
Centro transcriptor CO-ViMGA
041 ## - • CÓDIGO DE LENGUA
Código de lengua del texto/banda sonora o título independiente SPA
100 1# - • PUNTO DE ACCESO PRINCIPAL-NOMBRE DE PERSONA
Nombre de persona Chichester Clark, Emma
245 10 - • TITULO PROPIAMENTE DICHO
Título No más besos! /
Mención de responsabilidad, etc. Emma Chichester Clark ; edición y traducción Cristina Puerta
300 ## - • DESCRIPCIÓN FÍSICA
Extensión 32 p. : il.
490 ## - • MENCIÓN DE SERIE
Mención de serie Buenas noches
650 14 - • PUNTO DE ACCESO ADICIONAL DE MATERIA - TÉRMINO DE MATERIA
Término de materia o nombre geográfico como elemento inicial ANIMALES - CUENTO
650 14 - • PUNTO DE ACCESO ADICIONAL DE MATERIA - TÉRMINO DE MATERIA
Término de materia o nombre geográfico como elemento inicial BESOS - CUENTO
650 14 - • PUNTO DE ACCESO ADICIONAL DE MATERIA - TÉRMINO DE MATERIA
Término de materia o nombre geográfico como elemento inicial CUENTOS INFANTILES INGLESES
650 14 - • PUNTO DE ACCESO ADICIONAL DE MATERIA - TÉRMINO DE MATERIA
Término de materia o nombre geográfico como elemento inicial DESDE LOS 3 AÑOS
650 14 - • PUNTO DE ACCESO ADICIONAL DE MATERIA - TÉRMINO DE MATERIA
Término de materia o nombre geográfico como elemento inicial LITERATURA
650 14 - • PUNTO DE ACCESO ADICIONAL DE MATERIA - TÉRMINO DE MATERIA
Término de materia o nombre geográfico como elemento inicial LITERATURA INFANTIL INGLESA
700 1# - • PUNTO DE ACCESO ADICIONAL - NOMBRE DE PERSONA
Nombre de persona Puerta, Cristina
942 ## - ENTRADA DE ELEMENTOS AGREGADOS (KOHA)
Fuente de clasificaión o esquema Dewey Decimal Classification
Koha [por defecto] tipo de item LIbro
Existencias
Perdido Fuente de clasificación o esquema Estado Físico No para préstamo Forma de adquisición Localización permanente Localización actual Localización en estanterías Fecha adquisición Préstamos totales Signatura completa Código de barras Fecha última consulta Número de copia Fecha del precio de reemplazo Tipo de item de Koha Serie de enumeración / cronolog&íacute;a Renovaciones totales Fecha último préstamo Note pública
  Dewey Decimal Classification     Infantil Biblioteca Pública Cubarral Biblioteca Pública Cubarral Sala Infantil 07/25/2023   C CHI4 CUB00831 07/25/2023 Ej.1 07/25/2023 Libro Infantil        
  Dewey Decimal Classification     Infantil Biblioteca Pública El Castillo - Alfonso Meneses Biblioteca Pública El Castillo - Alfonso Meneses Sala Infantil 08/30/2023   C CHI4 EC00463 08/30/2023 Ej.1 08/30/2023 Libro Infantil        
        Colección Sala Infantil de Literatura Pocatil y Tilín Biblioteca Pública Departamental Eduardo Carranza - Villavicencio Biblioteca Pública Departamental Eduardo Carranza - Villavicencio Sala Infantil 02/28/2013   C CHI ECA21917 11/26/2024 Ej.1 11/26/2024 LIbro       16362 | 21149
  Dewey Decimal Classification     Sala Infantil Segundo Piso Biblioteca Pública Germán Arciniegas - Villavicencio Biblioteca Pública Germán Arciniegas - Villavicencio   12/04/2015 1 C CHI4 25809 10/28/2017 Ej. 1 12/04/2015 LIbro 16/abr/2013 1 10/09/2017  
  Dewey Decimal Classification     Infantil Biblioteca Pública Guamal Biblioteca Pública Guamal Sala Infantil 02/15/2023   C CHI4 GUA001341 02/15/2023 Ej.1 02/15/2023 Libro Infantil        
  Dewey Decimal Classification     Infantil Biblioteca Pública La Macarena Biblioteca Pública La Macarena Sala Infantil 05/14/2024   C CHI4 LM001344 05/14/2024 Ej.1 05/14/2024 Libro Infantil        
  Dewey Decimal Classification     Infantil Biblioteca Pública San Juanito - Ernesto Maria Peña Romero Biblioteca Pública San Juanito - Ernesto Maria Peña Romero Sala Infantil 01/19/2024 1 C CHI4 SJU00187 05/05/2025 Ej.1 01/19/2024 LIbro     02/11/2025  









Instituto Departamental de Cultura del Meta - Red Departamental de Bibliotecas Públicas del Meta.